Rats lyrics Ghost - Statistics

General Stats
  • This quiz has been taken 90 times
  • The average score is 139 of 186
Answer Stats
lyrics % Correct
rats
98%
(Rats,
98%
rats,
98%
rats)
98%
Rats
98%
(Rats)
98%
the
91%
In
86%
in
86%
you
86%
let
82%
of
82%
times
82%
to
82%
your
82%
Never
81%
never
81%
go,
79%
go
79%
like
79%
these
79%
turmoil,
77%
for
75%
Them
75%
them
75%
be
74%
disease
74%
spreading
74%
and
72%
And
72%
coming
72%
are
70%
still
70%
all
67%
contagious,
67%
now
67%
Now,
67%
loved
65%
ones
65%
souls
65%
This
65%
after
63%
coursing
63%
do
63%
kin
63%
rodents
63%
can
61%
filthy
61%
sanctum,
61%
through
61%
Will
61%
forgive,
60%
forgive
60%
God
60%
is
60%
nothing
60%
suffer
60%
Into
58%
mischief
58%
return,
58%
return
58%
there's
58%
whoah)
58%
Whoah)
58%
punishments
56%
They're
54%
wretched
54%
Beliefs
53%
wrath
51%
cities
47%
left
44%
devastation
42%
burnt
39%
(Ah
35%
beneth
21%
No matching quizzes found
Score Distribution
Percent of People with Each Score
Percentile by Number Answered
Your Score History
You have not taken this quiz